| 000 | 00518 a2200157 4500 | ||
|---|---|---|---|
| 008 | 150930b xxu||||| |||| 00| 0 eng d | ||
| 041 | _aEnglish | ||
| 082 | _aCD7613 | ||
| 100 |
_aPoudel, Bishnu Pd. _936510 |
||
| 245 | _aAn ethno-mathematical study on Gurung community based on concept and process of basis mathematics in Kaski district. | ||
| 260 |
_aPokhara _c2011 |
||
| 502 |
_aDissertation _bDegree in math. _cPNC _dTU |
||
| 650 |
_aGurung community _aTeaching methods |
||
| 653 | _aMathematics | ||
| 942 |
_2ddc _cVM |
||
| 999 |
_c65498 _d65484 |
||